| 000 | 00587nam a22002057a 4500 | ||
|---|---|---|---|
| 999 |
_c165359 _d165359 |
||
| 005 | 20190614125218.0 | ||
| 010 | _aENG-125604 | ||
| 020 |
_a9789388398954 _c300.00 |
||
| 035 | _aEN-109136 | ||
| 037 | _bDBAD/PUB | ||
| 082 | _a005.14 | ||
| 100 | _aR. Kavitha | ||
| 245 |
_aSoftware Testing/ _cby R. Kavitha [and] D. Kaleeswaran |
||
| 260 |
_aDelhi _bShanlax Publications |
||
| 270 |
_a61,66 T.P.K Main Road _bVasantha Nagar, Madurai _e625003 |
||
| 300 |
_a204p. _c22cm(pbk) |
||
| 700 | _aR.Kavitha | ||
| 700 | _aD. Kaleeswaran | ||
| 942 |
_2ddc _cEN _h005.14 _mKAV |
||